Návrh koncepčných zmien v privatizácii Oddelenie hospodárskej politiky Kancelárie prezidenta SR

Úplné znenie Návrhu. Pozri aj príspevok - Privatizačný hlas z Hradu - na s.5.

Salvato in:
Dettagli Bibliografici
Natura: Capitolo di libro
Lingua:slovacco
Soggetti:
Tags: Aggiungi Tag
Nessun Tag, puoi essere il primo ad aggiungerne!!

MARC

LEADER 00000naa a2200000 4500
001 r014466
005 20221205080631.2
041 0 |a slo 
044 |a SK 
245 1 0 |a Návrh koncepčných zmien v privatizácii  |b Oddelenie hospodárskej politiky Kancelárie prezidenta SR 
520 |a Úplné znenie Návrhu. Pozri aj príspevok - Privatizačný hlas z Hradu - na s.5. 
610 2 0 |a privatizácia 
610 2 0 |a koncepcie 
610 2 0 |a 1993 
610 2 0 |a Kancelária prezidenta SR